Регионална библиотека "Любен Каравелов" - Русе

Пиеси за виола (Запис номер 312624)

MARC детайли
000 -Лидер
Контролно поле с фиксирана дължина 01884ncm a2200457 a 4500
003 - Код на организацията, давaща контролен номер
Контролно поле BLK
005 - Дата и час на последна редакция
Контролно поле 20250127155246.0
008 - Елементи от данни с фиксирана дължина
fixed length control field 180414b bul |a|er|||| |0| c|bulo|
010 ## - Наследен системен номер
LC control number NOT00002584000
040 ## - Източник на каталожния запис
Идентификатор на билиотеката - собственик на записа BLK
041 ## - Код за език
Код за езика на текст/звукозапис или на отделно заглавие Български
Код за езика КДБФ Български
080 ## - УДК
Текстов определител УДК Виола
УДК код - определител по УДК 787.2
УДК - код + определител 787.2
080 ## - УДК
Текстов определител УДК Дуо виола и пиано
УДК код - определител по УДК 785.72:787.2:786.2
УДК - код + определител 785.72:787.2:786.2
139 ## - Редно поле
Редна дума Пиеси за виола
Авторски знак Пи - П 51
245 10 - Сведения за заглавието
Заглавие Пиеси за виола
Подзаглавни данни От бълг. композитори
Редно поле (дума) състав. Александър Нейнски.
257 ## - Страна на издаване
Страна на създаване/издаване България
260 ## - Област на издателските данни
Име на издателя, разпространителя и проч. Музика
Година на издаване 1989
Място на издаване, разпространение и проч. София
300 ## - Физическа характеристика
Страници 43 с.
Размери/Мащаб 33 см
Съпровождащи материали 28 с. щим
380 ## - Жанр
Жанр Изкуство
505 ## - Форматирана забележка
Подзаглавни данни За соло виоло
Авторската отговорност Александър Райчев.
Заглавие Ария
505 ## - Форматирана забележка
Подзаглавни данни За соло виоло
Авторската отговорност Марин Петров Големинов.
Заглавие Три импровизации
505 ## - Форматирана забележка
Подзаглавни данни За соло виоло
Авторската отговорност Петър Христосков.
Заглавие Три капричии
505 ## - Форматирана забележка
Авторската отговорност Васил Иванов Казанджиев.
Заглавие Прелюд и фуга
505 ## - Форматирана забележка
Авторската отговорност Панчо Хараланов Владигеров.
Заглавие Песен
505 ## - Форматирана забележка
Заглавие Ноктюрно
505 ## - Форматирана забележка
Авторската отговорност Филип Христов Павлов.
Заглавие Скерцо
650 #4 - Допълнително описание по предмет – тема
Основно описание – тема или топоним Виола - сонати, сонатини, пиеси
9 (RLIN) 353437
650 #7 - Допълнително описание по предмет – тема
Основно описание – тема или топоним Дуо - виола и пиано
Източник на редна или ключова дума
9 (RLIN) 153858
653 ## - Ключова дума – ненормативна
Ключова дума виола
653 ## - Ключова дума – ненормативна
Ключова дума пиеси
653 ## - Ключова дума – ненормативна
Ключова дума България
700 1# - Други автори (авторска отговорност)
Лично име Нейнски, Александър
Автороска отговорност (Описва отношението между автора и произведението) състав.
9 (RLIN) 362788
852 ## - Местоположение
Форматна сигнатура Цб М ІІ 10615
Част 7
856 4# - Електронен адрес и достъп
Електронен формат pdf - файл
Път до файла /url/
856 4# - Електронен адрес и достъп
Електронен формат pdf - файл
Път до файла /url/
999 ## - СИСТЕМНИ КОНТРОЛНИ НОМЕРА
Koha biblionumber 312624
Koha biblioitemnumber 312624
942 ## - АРТИКУЛИ
Вид на библиотечния материал Нотни издания
Скрит в OPAC Не
Периодичен библиозапис Да
944 ## - СЪЗДАВАНЕ И РЕДАКЦИЯ на ЗАПИСА
Създаване/Редакция Създаване
Дата на регистрацията/редакция 24.06.2008
Служител, извършил регистрацията/редакцията 30560
Статус, дата на статуса Геновева Генчева
944 ## - СЪЗДАВАНЕ И РЕДАКЦИЯ на ЗАПИСА
Създаване/Редакция Редакция
Дата на регистрацията/редакция 04.10.2017
Служител, извършил регистрацията/редакцията Ирена_Линкова
944 ## - СЪЗДАВАНЕ И РЕДАКЦИЯ на ЗАПИСА
Създаване/Редакция Редакция
Дата на регистрацията/редакция 2020-04-07
Служител, извършил регистрацията/редакцията Ренета Константинова
999 ## - СИСТЕМНИ КОНТРОЛНИ НОМЕРА
Koha biblioitemnumber 312624
Наличности
Код за отписване Код за изгубен артикул Източник на класификационната схема Код за повреда Коз за рестрикции Код за отдаване Артикулен № Име на библиотеката - собственик Име на библиотеката, в която се намира в момента Статус (Текущо местоположение) Дата на вписване в системата Местоположение - отдел Цена в лева Инвентарен номер Систематично азбучна сигнатура Баркод Номер на екземпляра Цена в евро Служебна бележка Служебен тип на артикула
  Не е изгубен Universal Decimal Classification Не е повреден само за читалня ползва се в читалня 665124 Регионална библиотека "Любен Каравелов" Русе Регионална библиотека "Любен Каравелов" Русе Хранилище 1989-01-01 Хранилище 4.27 970 Цб М ІІ 10615 900000023585 1 2.18 N: стар фонд Дата: 01.01.1989 Нотни издания
  Не е изгубен Universal Decimal Classification Не е повреден без рестрикции заемане за дома 665125 Регионална библиотека "Любен Каравелов" Русе Регионална библиотека "Любен Каравелов" Русе Отдел Изкуство - подръчен фонд 1989-01-01 Отдел Изкуство - подръчен фонд 0.00 999/89 787.1/П 51 900000004464 2 0.00 N: стар фонд Дата: 01.01.1989 Нотни издания
Vip Innovations Ltd, Rousse, Bulgaria 2025